Materials management (Record no. 82712)

MARC details
000 -LEADER
fixed length control field 00876nam a2200181 a 4500
008 - FIXED-LENGTH DATA ELEMENTS--GENERAL INFORMATION
fixed length control field 120416s0000 ||||||||||||||||| || u
020 ## - INTERNATIONAL STANDARD BOOK NUMBER
International Standard Book Number 8120312511
050 ## - LIBRARY OF CONGRESS CALL NUMBER
Classification number TS 161 Dat
100 ## - MAIN ENTRY--PERSONAL NAME
Personal name Datta, A. K
245 10 - TITLE STATEMENT
Title Materials management
246 ## -
-- procedures, text and cases
250 ## - EDITION STATEMENT
Edition statement 2nd ed.
260 ## - PUBLICATION, DISTRIBUTION, ETC.
Place of publication, distribution, etc. New Delhi of India
Name of publisher, distributor, etc. FT Prentice-Hall
Date of publication, distribution, etc. 1998
350 ## -
-- 0.00
995 ## -
-- MAIN LIBRARY OPEN ACCESS
-- 0.00
-- 732802
-- CBU-MAIN LIBRARY (Kitwe)
-- 3
-- 32.00
-- TS 161 Dat
-- AVAILABLE
-- Jul 5, 2006
-- 44535
-- Main Library Open Access Collection
995 ## -
-- ANNEX COLLECTION (Main Library)
-- 0.00
-- 732803
-- CBU-MAIN LIBRARY (Kitwe)
-- 1
-- 32.00
-- TS 161 Dat
-- 1
-- AVAILABLE
-- 44540
-- Annex Low-Usage Collection
995 ## -
-- ANNEX COLLECTION (Main Library)
-- 0.00
-- 732801
-- CBU-MAIN LIBRARY (Kitwe)
-- 2
-- 32.00
-- TS 161 Dat
-- AVAILABLE
-- May 22, 2006
-- 44538
-- Annex Low-Usage Collection
999 ## -
-- 82712
-- 82712
Holdings
Withdrawn status Lost status Source of classification or shelving scheme Damaged status Not for loan Permanent Location Current Location Shelving location Date acquired Total Checkouts Full call number Barcode Date last seen Copy number Price effective from Koha item type
          CBU-MAIN LIBRARY, KITWE. CBU-MAIN LIBRARY, KITWE.   09/29/2023   TS 161 Dat 44535 09/29/2023 1 09/29/2023 MONOGRAPH
          CBU-MAIN LIBRARY, KITWE. CBU-MAIN LIBRARY, KITWE.   09/29/2023   TS 161 Dat 44540 09/29/2023 2 09/29/2023 MONOGRAPH
          CBU-MPIKA LIBRARY, MPIKA CAMPUS. CBU-MPIKA LIBRARY, MPIKA CAMPUS.   09/29/2023   TS 161 Dat 44538 09/29/2023 1 09/29/2023 MONOGRAPH